Normal view
MARC view
- Elsa
Entry Personal Name
001 - CONTROL NUMBER
- control field: 26690
003 - CONTROL NUMBER IDENTIFIER
- control field: NUST
005 - DATE AND TIME OF LATEST TRANSACTION
- control field: 20191210141153.0
008 - FIXED-LENGTH DATA ELEMENTS
- fixed length control field: 191210|| aca||aabn | a|a d
040 ## - CATALOGING SOURCE
- Original cataloging agency: NUST
- Transcribing agency: NUST
100 ## - HEADING--PERSONAL NAME
- Personal name: Elsa
- Titles and other words associated with a name: (Lion)
670 ## - SOURCE DATA FOUND
- Source citation: Work cat.: (NUST)0: Adamson, Joy. 26689, Born free, a lioness of two worlds., [1960]
